[Event "Olomouc Chess Summer 2016- A Valoz Cup"]
[Site "Olomouc"]
[Date "2016.08.17"]
[Round "6.1"]
[White "Gurevich, Daniel"]
[Black "Rasik, Vitezslav"]
[Result "1-0"]
[WhiteElo "2461"]
[BlackElo "2452"]
[PlyCount "101"]
[EventDate "2016.08.13"]

1. e4 d6 2. d4 g6 3. Nc3 Bg7 4. Be3 Nf6 5. Qd2 c6 6. Bh6 Bxh6 7. Qxh6 Qa5 8.
Bd3 c5 9. d5 Nbd7 10. Nf3 c4 11. Bxc4 Qc5 12. Bd3 Qxf2+ 13. Kxf2 Ng4+ 14. Ke2
Nxh6 15. h3 O-O 16. Kd2 f6 17. Nd4 Ne5 18. Ne6 Bxe6 19. dxe6 f5 20. Rhf1 Kg7
21. exf5 Nxd3 22. Kxd3 Nxf5 23. Nd5 h5 24. g4 hxg4 25. hxg4 Nh6 26. Nxe7 Nxg4
27. Kd4 Ne5 28. Kd5 Rfe8 29. Nxg6 Nxg6 30. Rf7+ Kh6 31. Rh1+ Kg5 32. Rg1+ Kh6
33. Rf6 Rg8 34. e7 Rac8 35. Ke6 Rce8 36. Rgxg6+ Rxg6 37. Kf7 Rxf6+ 38. Kxe8 d5
39. Kd7 Rf7 40. Kd6 Rxe7 41. Kxe7 Kg5 42. Ke6 Kf4 43. Kxd5 Ke3 44. Kd6 a5 45.
Kc7 Kd2 46. c4 Kd3 47. c5 Kc4 48. Kxb7 Kxc5 49. Ka6 a4 50. Ka5 a3 51. b3 1-0

[Event "Olomouc Chess Summer 2016- A Valoz Cup"]
[Site "Olomouc"]
[Date "2016.08.17"]
[Round "6.2"]
[White "Svoboda, Svatopluk"]
[Black "Plischki, Sebastian"]
[Result "1-0"]
[WhiteElo "2453"]
[BlackElo "2384"]
[PlyCount "101"]
[EventDate "2016.08.13"]

1. e4 e5 2. Nf3 Nc6 3. Nc3 Nf6 4. Bb5 Bb4 5. O-O O-O 6. d3 Bxc3 7. bxc3 d6 8.
Bg5 Qe7 9. Re1 a6 10. Bxc6 bxc6 11. Nh4 h6 12. Bd2 Bg4 13. f3 Be6 14. Qe2 Nd7
15. Qf2 Rab8 16. c4 Kh7 17. Nf5 Bxf5 18. exf5 c5 19. Qe3 Qh4 20. Ba5 Rb7 21.
Rab1 Rfb8 22. Rb3 Rxb3 23. axb3 Rc8 24. Ra1 Qd4 25. Qxd4 exd4 26. Re1 Ne5 27.
f4 Nc6 28. Bd2 a5 29. Kf2 Kg8 30. g4 f6 31. Ra1 Ra8 32. h4 Kf7 33. Kf3 Kf8 34.
g5 h5 35. Ke4 Re8+ 36. Kd5 Ne7+ 37. Ke6 Ng6+ 38. Kd7 Nxh4 39. gxf6 gxf6 40. Rh1
Re7+ 41. Kc6 Nxf5 42. Rxh5 Re2 43. Bxa5 Ng7 44. Rh8+ Kf7 45. Bxc7 Rxc2 46. Bxd6
Rc3 47. Rh3 Rxb3 48. Bxc5 Ne6 49. Bd6 Kg6 50. Kd7 Ng7 51. c5 1-0

[Event "Olomouc Chess Summer 2016- A Valoz Cup"]
[Site "Olomouc"]
[Date "2016.08.17"]
[Round "6.3"]
[White "Yagupov, Igor"]
[Black "Neuman, Petr"]
[Result "1/2-1/2"]
[WhiteElo "2405"]
[BlackElo "2454"]
[PlyCount "35"]
[EventDate "2016.08.13"]

1. e4 c5 2. Nf3 Nc6 3. d4 cxd4 4. Nxd4 g6 5. c4 Nf6 6. Nc3 Nxd4 7. Qxd4 d6 8.
Be2 Bg7 9. Be3 O-O 10. Qd2 a5 11. f3 a4 12. Rb1 Bd7 13. O-O Bc6 14. b4 axb3 15.
axb3 Ra3 16. Rfc1 Nd7 17. b4 b6 18. Rc2 1/2-1/2

[Event "Olomouc Chess Summer 2016- A Valoz Cup"]
[Site "Olomouc"]
[Date "2016.08.17"]
[Round "6.4"]
[White "Camarena Gimenez, Rufino"]
[Black "Roy, Prantik"]
[Result "1/2-1/2"]
[WhiteElo "2403"]
[BlackElo "2403"]
[PlyCount "68"]
[EventDate "2016.08.13"]

1. d4 Nf6 2. c4 g6 3. Nc3 d5 4. cxd5 Nxd5 5. e4 Nxc3 6. bxc3 Bg7 7. Qa4+ Qd7 8.
Bb5 c6 9. Bd3 O-O 10. Ne2 c5 11. Qxd7 Nxd7 12. a4 Rd8 13. Ba3 cxd4 14. cxd4 Ne5
15. Bb5 Nc6 16. Bxc6 bxc6 17. e5 Ba6 18. Bxe7 Rd5 19. f4 Bxe2 20. Kxe2 Rxd4 21.
Ke3 Rd7 22. Bc5 Rd5 23. Rac1 f6 24. exf6 Re8+ 25. Kf3 Rd3+ 26. Kf2 Bxf6 27.
Rhe1 Rd2+ 28. Kf3 Rd3+ 29. Kf2 Bd4+ 30. Bxd4 Rxe1 31. Kxe1 Rxd4 32. Rxc6 Re4+
33. Kd2 Rxa4 34. Ke3 Ra2 1/2-1/2

[Event "Olomouc Chess Summer 2016- A Valoz Cup"]
[Site "Olomouc"]
[Date "2016.08.17"]
[Round "6.5"]
[White "Gavrilov, Alexei"]
[Black "Plat, Vojtech"]
[Result "1/2-1/2"]
[WhiteElo "2456"]
[BlackElo "2503"]
[PlyCount "109"]
[EventDate "2016.08.13"]

1. d4 Nf6 2. c4 g6 3. Nc3 d5 4. cxd5 Nxd5 5. e4 Nxc3 6. bxc3 Bg7 7. Qa4+ Nd7 8.
Nf3 c5 9. Be2 O-O 10. O-O Nb6 11. Qa3 cxd4 12. cxd4 Bg4 13. Bg5 Re8 14. Bb5 Bd7
15. Bxd7 Qxd7 16. Rac1 h6 17. Be3 Red8 18. h3 Qe6 19. Rfe1 Nc4 20. Qb3 b5 21.
d5 Qd7 22. Bd4 Nd2 23. Nxd2 Bxd4 24. Nf3 Bg7 25. Rc6 e6 26. Qxb5 exd5 27. exd5
Rab8 28. Qc4 Qxd5 29. Re8+ Kh7 30. Re7 Qxc4 31. Rxc4 Kg8 32. Rxa7 Rb2 33. g4
Bf6 34. Rcc7 Rf8 35. a4 Bd8 36. Rab7 Ra2 37. Rc4 f5 38. Kg2 fxg4 39. hxg4 h5
40. gxh5 gxh5 41. Rb8 Ra3 42. Ne5 Ra2 43. Nf3 Ra3 44. Nd2 h4 45. Rg4+ Kh7 46.
Rb3 Rxb3 47. Nxb3 h3+ 48. Kxh3 Rxf2 49. Rb4 Kh6 50. Kg3 Rf1 51. a5 Bxa5 52.
Nxa5 Rg1+ 53. Kf2 Rc1 54. Nc4 Rc3 55. Ne3 1/2-1/2

[Event "Olomouc Chess Summer 2016-B1 Prima Pack "]
[Site "Olomouc"]
[Date "2016.08.17"]
[Round "6.1"]
[White "Pogan, Nikolas"]
[Black "Kulkarni, Bhakti"]
[Result "0-1"]
[WhiteElo "2232"]
[BlackElo "2363"]
[PlyCount "60"]
[EventDate "2016.08.13"]

1. d4 d5 2. c4 e6 3. Nf3 Nf6 4. g3 dxc4 5. Bg2 Bd7 6. Ne5 Bc6 7. Nxc6 Nxc6 8.
Bxc6+ bxc6 9. O-O c5 10. dxc5 Qxd1 11. Rxd1 Bxc5 12. Nd2 O-O-O 13. Rf1 c3 14.
bxc3 Bb6 15. Rb1 h6 16. Rb3 Rd7 17. Kg2 Rhd8 18. Nc4 Ne4 19. f3 Rd1 20. Ne3
Rxc1 21. Rxc1 Bxe3 22. Rcb1 Nd6 23. Rb8+ Kd7 24. Rxd8+ Kxd8 25. f4 Bb6 26. Kf3
f5 27. h3 Ba5 28. Rb3 Ne4 29. Ra3 Bb6 30. g4 Kd7 0-1

[Event "Olomouc Chess Summer 2016-B1 Prima Pack "]
[Site "Olomouc"]
[Date "2016.08.17"]
[Round "6.3"]
[White "Hoefelsauer, Thomas"]
[Black "Wiley, Tom E"]
[Result "1-0"]
[WhiteElo "2342"]
[BlackElo "2239"]
[PlyCount "53"]
[EventDate "2016.08.13"]

1. Nf3 d5 2. g3 c6 3. c4 Bg4 4. Bg2 e6 5. cxd5 Bxf3 6. Bxf3 cxd5 7. O-O Nc6 8.
d3 Nf6 9. b3 Bd6 10. Bb2 Be5 11. d4 Bd6 12. Nc3 O-O 13. e4 dxe4 14. Nxe4 Be7
15. Nc5 Qb6 16. Rc1 Rac8 17. Na4 Qa5 18. Qc2 Rfd8 19. Kg2 Kf8 20. Rfd1 Qg5 21.
h4 Qg6 22. Nc5 Nd5 23. Kh2 b6 24. Nd3 Qh6 25. h5 Bf6 26. Ne5 Nxd4 27. Ba3+ 1-0

[Event "Olomouc Chess Summer 2016-B1 Prima Pack "]
[Site "Olomouc"]
[Date "2016.08.17"]
[Round "6.4"]
[White "Olsarova, Karolina"]
[Black "Mirzoeva, Elmira"]
[Result "0-1"]
[WhiteElo "2258"]
[BlackElo "2278"]
[PlyCount "70"]
[EventDate "2016.08.13"]

1. e4 c5 2. Nf3 Nc6 3. Bc4 g6 4. O-O Bg7 5. c3 e6 6. Re1 Nge7 7. Bb3 d5 8. exd5
Nxd5 9. d4 cxd4 10. cxd4 O-O 11. Nc3 Nxc3 12. bxc3 Qc7 13. Be3 b6 14. Qc1 Bb7
15. Bf4 Qc8 16. Ng5 Na5 17. Bd1 Nc4 18. Ne4 Qd7 19. h4 Rac8 20. h5 e5 21. dxe5
Nxe5 22. h6 Bh8 23. Bxe5 Bxe5 24. Qg5 Qf5 25. Bg4 Qxg5 26. Nxg5 Rc5 27. Rad1
Bxc3 28. Ne4 Bxe4 29. Rxe4 f5 30. Re7 fxg4 31. Rdd7 g3 32. fxg3 Bf6 33. Re6 Ra5
34. Re2 Rh5 35. g4 Rxh6 0-1

[Event "Olomouc Chess Summer 2016-B1 Prima Pack "]
[Site "Olomouc"]
[Date "2016.08.17"]
[Round "6.5"]
[White "Gusain, Himal"]
[Black "Cerveny, Martin"]
[Result "0-1"]
[WhiteElo "2453"]
[BlackElo "2380"]
[PlyCount "118"]
[EventDate "2016.08.13"]

1. e4 c5 2. Nf3 d6 3. d4 cxd4 4. Nxd4 Nf6 5. Nc3 a6 6. Bg5 e6 7. f4 Qc7 8. Qe2
Nc6 9. O-O-O Nxd4 10. Rxd4 Be7 11. Kb1 h6 12. Bh4 g5 13. fxg5 Nd7 14. Qh5 Qc5
15. Rd2 b5 16. Be2 Bxg5 17. Bxg5 Qxg5 18. Qxg5 hxg5 19. Rxd6 Ke7 20. Rd4 Ne5
21. a4 Nc6 22. Rd2 b4 23. Nd1 Bb7 24. Nf2 Ne5 25. h3 Rad8 26. Rhd1 Rxd2 27.
Rxd2 a5 28. Bb5 f5 29. exf5 exf5 30. g3 Bg2 31. Nd3 Nxd3 32. Rxg2 Nc5 33. Rh2
Ne4 34. g4 fxg4 35. Re2 Kd6 36. hxg4 Nf6 37. Rg2 Rh4 38. Be2 Ke5 39. Ka2 Nd5
40. Rf2 Nf4 41. Bd1 Kd4 42. Rd2+ Ke3 43. Rd7 Rh2 44. Re7+ Kd2 45. Bf3 Kxc2 46.
Rd7 Rd2 47. Rc7+ Kd3 48. Rc5 Ke3 49. Bb7 Rxb2+ 50. Ka1 Rf2 51. Rxa5 Kd4 52.
Rxg5 Kc3 53. Rc5+ Kb3 54. Ba6 Ka3 55. Kb1 b3 56. a5 Rg2 57. Bb5 Nd5 58. Rc1
Rb2+ 59. Ka1 Rc2 0-1

[Event "Olomouc Chess Summer 2016-B2 Proclient C"]
[Site "Olomouc"]
[Date "2016.08.17"]
[Round "6.1"]
[White "Chkhaidze, Nikoloz"]
[Black "Havlikova, Kristyna"]
[Result "1/2-1/2"]
[WhiteElo "2261"]
[BlackElo "2282"]
[PlyCount "72"]
[EventDate "2016.08.13"]

1. d4 Nf6 2. c4 g6 3. Nc3 d5 4. cxd5 Nxd5 5. e4 Nxc3 6. bxc3 Bg7 7. Bc4 c5 8.
Ne2 O-O 9. O-O Nc6 10. Be3 Bd7 11. Qd2 Qa5 12. Rab1 cxd4 13. cxd4 Qxd2 14. Bxd2
b6 15. Be3 Na5 16. Bd3 Rac8 17. Rfc1 Rxc1+ 18. Rxc1 Rc8 19. Rxc8+ Bxc8 20. d5
Kf8 21. Nd4 Bd7 22. f4 e5 23. Nb5 Bxb5 24. Bxb5 Ke7 25. Kf2 Nb7 26. Kf3 Nd6 27.
Bd3 exf4 28. Bxf4 f6 29. g4 Nf7 30. Be2 Ne5+ 31. Ke3 g5 32. Bg3 Kd8 33. Kd4 Bf8
34. Kc3 Bc5 35. Kb3 Kc7 36. a4 Bd6 1/2-1/2

[Event "Olomouc Chess Summer 2016-B2 Proclient C"]
[Site "Olomouc"]
[Date "2016.08.17"]
[Round "6.2"]
[White "Biolek, Richard"]
[Black "Mager, Denis"]
[Result "1/2-1/2"]
[WhiteElo "2466"]
[BlackElo "2246"]
[PlyCount "99"]
[EventDate "2016.08.13"]

1. d4 d5 2. c4 c6 3. cxd5 cxd5 4. Nc3 Nf6 5. Bf4 Nc6 6. e3 a6 7. Bd3 Bg4 8. Nf3
e6 9. h3 Bh5 10. Rc1 Bd6 11. Bg5 Bg6 12. O-O Bxd3 13. Qxd3 O-O 14. a3 h6 15.
Bh4 Rc8 16. b4 b5 17. e4 dxe4 18. Nxe4 Be7 19. Nc5 Qd5 20. Rfe1 Rfd8 21. Nxa6
Nxd4 22. Nxd4 Rxc1 23. Rxc1 Qxd4 24. Qxd4 Rxd4 25. Bxf6 Bxf6 26. Nc7 Rc4 27.
Rxc4 bxc4 28. Kf1 Bb2 29. Nb5 c3 30. Nd4 Bxa3 31. Nc2 Bc1 32. Ke2 Kf8 33. Kd3
Bd2 34. Nd4 e5 35. Ne2 Be1 36. f3 c2 37. b5 Ke7 38. Kxc2 Kd6 39. Kd3 Kc5 40.
Ke4 Kxb5 41. Kd5 Kb6 42. Nc1 Kc7 43. Nd3 Bg3 44. Nxe5 f6 45. Ng6 Kd7 46. f4 Be1
47. f5 Bb4 48. h4 Ba3 49. Nf4 Ke7 50. h5 1/2-1/2

[Event "Olomouc Chess Summer 2016-B2 Proclient C"]
[Site "Olomouc"]
[Date "2016.08.17"]
[Round "6.3"]
[White "Klima, Lukas"]
[Black "Tymrakiewicz, Rafal"]
[Result "1/2-1/2"]
[WhiteElo "2322"]
[BlackElo "2274"]
[PlyCount "104"]
[EventDate "2016.08.13"]

1. e4 Nf6 2. e5 Nd5 3. Nc3 Nb6 4. a4 a5 5. d4 d6 6. Nf3 g6 7. Bb5+ c6 8. Bd3
dxe5 9. dxe5 Na6 10. Be3 Nb4 11. O-O Nxd3 12. cxd3 Nd5 13. Qb3 Nxc3 14. bxc3
Bg7 15. Bb6 Qd5 16. c4 Qe6 17. Rfe1 O-O 18. d4 Qg4 19. Rad1 Qh5 20. h3 g5 21.
d5 g4 22. hxg4 Bxg4 23. d6 exd6 24. exd6 Bf6 25. d7 Bxf3 26. Qxf3 Qxf3 27. gxf3
Kg7 28. c5 Bd8 29. Rb1 f5 30. Bxd8 Raxd8 31. Rxb7 Rf7 32. Rd1 Kf6 33. f4 Re7
34. Rc7 Kf7 35. Kg2 Re6 36. Kf3 Rg6 37. Re1 Re6 38. Rxe6 Kxe6 39. Rxc6+ Kxd7
40. Rf6 Ke7 41. Rxf5 Rd3+ 42. Ke4 Ra3 43. Kd5 Rxa4 44. c6 Ra2 45. Rh5 Rxf2 46.
Rxh7+ Kd8 47. Ke5 Re2+ 48. Kf5 Rc2 49. Rd7+ Ke8 50. Rd6 Kf7 51. Rf6+ Ke7 52.
Re6+ Kf7 1/2-1/2

[Event "Olomouc Chess Summer 2016-B2 Proclient C"]
[Site "Olomouc"]
[Date "2016.08.17"]
[Round "6.4"]
[White "Pavlov, Sergey"]
[Black "Lkhamsuren, Uuganbayar"]
[Result "1-0"]
[WhiteElo "2473"]
[BlackElo "2123"]
[PlyCount "73"]
[EventDate "2016.08.13"]

1. c4 e5 2. g3 Nf6 3. Bg2 d5 4. cxd5 Nxd5 5. Nc3 Nb6 6. Nf3 Nc6 7. O-O Be7 8.
a3 O-O 9. b4 Be6 10. d3 f5 11. Bb2 Bf6 12. Nd2 Nd5 13. Rc1 Nxc3 14. Bxc3 Bd5
15. e4 Be6 16. exf5 Bxf5 17. Ne4 Rb8 18. Nc5 Qd6 19. Bb2 Nd8 20. Re1 c6 21. g4
b6 22. Na6 Bc8 23. Nxb8 Qxb8 24. g5 Bxg5 25. Bxe5 Qb7 26. Bd6 Bxc1 27. Bxf8
Kxf8 28. Qf3+ Qf7 29. Qxf7+ Kxf7 30. Rxc1 Bd7 31. Re1 Ne6 32. Bh3 Ke7 33. Kg2
Kd6 34. Bxe6 Bxe6 35. Kf3 Bf5 36. Ke3 g6 37. Kd4 1-0

[Event "Olomouc Chess Summer 2016-B2 Proclient C"]
[Site "Olomouc"]
[Date "2016.08.17"]
[Round "6.5"]
[White "Malek, Daniel"]
[Black "Nitish, Belurkar"]
[Result "0-1"]
[WhiteElo "2430"]
[BlackElo "2269"]
[PlyCount "52"]
[EventDate "2016.08.13"]

1. d4 d5 2. c4 e6 3. Nc3 Nf6 4. cxd5 exd5 5. Bg5 Be7 6. e3 c6 7. Bd3 Nbd7 8.
Qc2 O-O 9. Nge2 Re8 10. O-O Nf8 11. f3 Ng6 12. Rad1 Be6 13. Kh1 Qc8 14. e4 Nxe4
15. fxe4 Bxg5 16. exd5 cxd5 17. Qb3 Rd8 18. Nb1 Bg4 19. Nd2 Nh4 20. g3 Nf5 21.
Nf3 Bf6 22. Ne5 Nxd4 23. Nxd4 Bxe5 24. Bf5 Bxd1 25. Qxd1 Qc7 26. Nb5 Qe7 0-1

[Event "Olomouc Chess Summer 2016-Open Olomouc"]
[Site "Olomouc"]
[Date "2016.08.17"]
[Round "6.1"]
[White "Kalinowska, Zuzanna"]
[Black "Krejci, Jan"]
[Result "0-1"]
[WhiteElo "1910"]
[BlackElo "2496"]
[PlyCount "72"]
[EventDate "2016.08.13"]

1. d4 Nf6 2. c4 e6 3. Nf3 d5 4. cxd5 exd5 5. Bg5 c6 6. Nc3 Bf5 7. Qb3 Nbd7 8.
e3 Qb6 9. Qxb6 axb6 10. Nh4 Be6 11. Bd3 h6 12. Bxf6 Nxf6 13. O-O g6 14. f4 Bd7
15. Nf3 Bb4 16. a3 Bxc3 17. bxc3 b5 18. Bc2 Ke7 19. Nd2 Bf5 20. e4 Bxe4 21.
Rfe1 Kd6 22. Bxe4 Nxe4 23. Nxe4+ dxe4 24. Rxe4 Rhe8 25. Rxe8 Rxe8 26. a4 Ra8
27. a5 Ra6 28. Re1 Rxa5 29. Re8 Ra3 30. Rf8 Ke6 31. Re8+ Kd5 32. Re5+ Kd6 33.
f5 Rxc3 34. f6 Rd3 35. Re7 Rxd4 36. Rxf7 Ke6 0-1

[Event "Olomouc Chess Summer 2016-Open Olomouc"]
[Site "Olomouc"]
[Date "2016.08.17"]
[Round "6.2"]
[White "Burnett, Andrew"]
[Black "Ulanowski, Karol"]
[Result "1-0"]
[WhiteElo "2174"]
[BlackElo "2133"]
[PlyCount "116"]
[EventDate "2016.08.13"]

1. d4 Nf6 2. c4 g6 3. Nc3 Bg7 4. e4 d6 5. Be2 O-O 6. Be3 e5 7. d5 c5 8. g4 a6
9. a4 b6 10. h4 Ra7 11. h5 Ne8 12. Qd2 Bf6 13. f3 g5 14. h6 Be7 15. Bd3 Kh8 16.
Nge2 Rg8 17. Ng3 f6 18. Nf5 Bf8 19. Kf2 Rg6 20. a5 bxa5 21. Ne2 Bxf5 22. exf5
Rxh6 23. Rxh6 Bxh6 24. b3 Bf8 25. Ng3 Ng7 26. Ne4 Be7 27. Rh1 Ne8 28. Kg3 Bf8
29. Qh2 Rg7 30. Qh5 Qd7 31. Bd2 Qf7 32. Qh2 Qc7 33. Bc2 Be7 34. Qh5 Qd7 35.
Bxa5 Kg8 36. Bd2 Kf8 37. b4 cxb4 38. Bxb4 Nc7 39. Ra1 Rf7 40. Ba4 Qd8 41. Rb1
a5 42. Bxa5 Nba6 43. Rb7 Qc8 44. Bc6 Ne8 45. Bb6 Kg7 46. Bxe8 Qxe8 47. c5 Nxc5
48. Bxc5 dxc5 49. d6 Bf8 50. Rc7 c4 51. Qxh7+ Kxh7 52. Nxf6+ Kh8 53. Nxe8 Kg8
54. d7 Be7 55. Nd6 Rf8 56. Nxc4 Bd8 57. Rc8 Kf7 58. Nxe5+ Kg7 1-0

[Event "Olomouc Chess Summer 2016-Open Olomouc"]
[Site "Olomouc"]
[Date "2016.08.17"]
[Round "6.3"]
[White "Thakur, Akash"]
[Black "Nishant, Malhotra"]
[Result "1-0"]
[WhiteElo "2316"]
[BlackElo "2060"]
[PlyCount "46"]
[EventDate "2016.08.13"]

1. e4 e5 2. Nf3 Nc6 3. d4 exd4 4. Nxd4 Nf6 5. Nxc6 bxc6 6. Qe2 g6 7. Bg5 Be7 8.
Bh6 Bf8 9. Bxf8 Kxf8 10. e5 Nd5 11. c4 Nb6 12. Nc3 Kg7 13. h4 Re8 14. O-O-O Ba6
15. Qg4 Rxe5 16. c5 Bxf1 17. cxb6 Ba6 18. Rxd7 Qe8 19. h5 cxb6 20. hxg6 hxg6
21. Qf4 Re1+ 22. Rd1 Rxd1+ 23. Nxd1 Rd8 1-0

[Event "Olomouc Chess Summer 2016-Open Olomouc"]
[Site "Olomouc"]
[Date "2016.08.17"]
[Round "6.4"]
[White "Chudinovskikh, Alexander M"]
[Black "Kula, Dominik"]
[Result "1-0"]
[WhiteElo "2258"]
[BlackElo "2132"]
[PlyCount "85"]
[EventDate "2016.08.13"]

1. d4 f5 2. g3 Nf6 3. Bg2 g6 4. Nd2 Bg7 5. e4 fxe4 6. Nxe4 Nxe4 7. Bxe4 d5 8.
Bg2 Nc6 9. c3 Be6 10. Bf4 Qd7 11. Nf3 Bg4 12. h3 Bf5 13. Qe2 O-O-O 14. O-O-O
Rhe8 15. Rhe1 Be4 16. Qf1 Na5 17. b3 Qc6 18. Kb2 Qb6 19. Ne5 Bxe5 20. dxe5 Nc4+
21. Ka1 Qa5 22. Rc1 Bxg2 23. Qxg2 Na3 24. e6 d4 25. cxd4 Nc2+ 26. Rxc2 Qxe1+
27. Rc1 Qa5 28. Qe4 Kb8 29. Bxc7+ Qxc7 30. Rxc7 Kxc7 31. Qe5+ Rd6 32. f4 Red8
33. Kb2 Kb6 34. Kc3 Rc8+ 35. Kd3 Rc1 36. Qe3 Rd1+ 37. Kc3 Kc7 38. g4 Rc6+ 39.
Kb2 Rd6 40. Kc3 Rd5 41. Qe4 Rd6 42. a4 Rb6 43. Qe3 1-0

[Event "Olomouc Chess Summer 2016-Open Olomouc"]
[Site "Olomouc"]
[Date "2016.08.17"]
[Round "6.5"]
[White "Kulkarni, Vinayak"]
[Black "Jedynak, Radoslaw"]
[Result "1-0"]
[WhiteElo "2168"]
[BlackElo "2396"]
[PlyCount "75"]
[EventDate "2016.08.13"]

1. d4 f5 2. Bg5 c5 3. c3 Qb6 4. Qc1 g6 5. h4 Bg7 6. dxc5 Qxc5 7. h5 Nc6 8. Nd2
b6 9. Be3 Qd6 10. g3 Bb7 11. Bg2 Na5 12. Bxb7 Nxb7 13. Ngf3 O-O-O 14. Rh4 gxh5
15. Qc2 Qg6 16. Rc4+ Kb8 17. Rh4 e6 18. O-O-O Nf6 19. Bf4+ Ka8 20. Nc4 Bh6 21.
Nfe5 Bxf4+ 22. Rxf4 Qe8 23. Qa4 Kb8 24. Rfd4 Nd5 25. Nd2 Qe7 26. c4 Nf6 27.
Ndf3 Nc5 28. Qa3 Rc8 29. Nxd7+ Nfxd7 30. Rxd7 Qxd7 31. Rxd7 Nxd7 32. Qd6+ Rc7
33. Nd4 Kb7 34. Nxe6 Rxc4+ 35. Kb1 Nf6 36. Qe7+ Ka6 37. Qxf6 Rhc8 38. a3 1-0

[Event "Olomouc Chess Summer 2016-Open Olomouc"]
[Site "Olomouc"]
[Date "2016.08.17"]
[Round "6.6"]
[White "Kvisvik, Brede"]
[Black "Gantsooj, Ganzorig"]
[Result "1-0"]
[WhiteElo "2330"]
[BlackElo "2164"]
[PlyCount "42"]
[EventDate "2016.08.13"]

1. d4 Nf6 2. c4 c5 3. Nf3 cxd4 4. Nxd4 e5 5. Nb5 d5 6. cxd5 Bc5 7. N5c3 O-O 8.
g3 Qb6 9. e3 Bg4 10. Be2 Bxe2 11. Qxe2 e4 12. O-O Re8 13. Nd2 a6 14. Qc4 Qb4
15. a4 Nbd7 16. a5 b5 17. axb6 Nxb6 18. Qe2 Nbxd5 19. Nxd5 Nxd5 20. Rxa6 Rxa6
21. Qxa6 Re5 1-0

[Event "Olomouc Chess Summer 2016-Open Olomouc"]
[Site "Olomouc"]
[Date "2016.08.17"]
[Round "6.8"]
[White "Ilandzis, Spyridon"]
[Black "Spanton, Tim R"]
[Result "1-0"]
[WhiteElo "2211"]
[BlackElo "1923"]
[PlyCount "103"]
[EventDate "2016.08.13"]

1. b3 b6 2. Bb2 Bb7 3. e3 e6 4. Nf3 Nf6 5. c4 c5 6. Nc3 Nc6 7. d4 cxd4 8. exd4
d5 9. Be2 Be7 10. O-O O-O 11. Ne5 dxc4 12. Bf3 Na5 13. bxc4 Bxf3 14. Qxf3 Rc8
15. Nb5 Nxc4 16. Nxa7 Nd2 17. Qd3 Nxf1 18. Nxc8 Qxc8 19. Rxf1 Qb7 20. f4 Ra8
21. a3 Qe4 22. Qb3 Nd5 23. Qf3 Qxf3 24. Rxf3 Rc8 25. Rb3 f6 26. Nd3 Kf7 27. Kf2
Bd6 28. Kf3 h5 29. g3 Rc2 30. h3 Rh2 31. Nf2 h4 32. Bc1 g5 33. a4 gxf4 34. gxh4
Kg6 35. Bd2 Bc7 36. Rb2 Kh5 37. Be1 Ne3 38. Rb5+ Nf5 39. a5 Kg6 40. h5+ Kh6 41.
Ng4+ Kg7 42. Nxh2 Nxd4+ 43. Ke4 Nxb5 44. a6 f5+ 45. Kd3 e5 46. Kc4 Na7 47. Bc3
Kh6 48. Nf3 e4 49. Nd4 f3 50. Nxf5+ Kxh5 51. Kd4 Bf4 52. Kxe4 1-0

[Event "Olomouc Chess Summer 2016-Open Olomouc"]
[Site "Olomouc"]
[Date "2016.08.17"]
[Round "6.9"]
[White "Ondercin, Martin"]
[Black "Al Argha, Hisham"]
[Result "0-1"]
[WhiteElo "1974"]
[BlackElo "2309"]
[PlyCount "106"]
[EventDate "2016.08.13"]

1. e4 c5 2. Nc3 Nc6 3. g3 g6 4. Bg2 Bg7 5. d3 d6 6. Nge2 e6 7. Be3 Nd4 8. O-O
Ne7 9. Qd2 Rb8 10. Nd1 b5 11. c3 Nxe2+ 12. Qxe2 b4 13. c4 O-O 14. Qd2 Nc6 15.
f4 Nd4 16. Rc1 Bd7 17. b3 a5 18. Nb2 a4 19. bxa4 b3 20. e5 dxe5 21. Bxd4 exd4
22. axb3 Rxb3 23. Ra1 Qb6 24. Ra2 Bc6 25. a5 Qa6 26. Bxc6 Qxc6 27. Na4 Ra8 28.
Nb6 Ra6 29. Qc2 Rb4 30. Qe2 Bf6 31. Rfa1 Bd8 32. Na4 Rxa5 33. Nb2 Rxa2 34. Rxa2
Bc7 35. Nd1 Rb1 36. Qc2 Qb7 37. Kf2 Rb6 38. Kg1 e5 39. fxe5 Bxe5 40. Qg2 Qc7
41. Rb2 Re6 42. Nf2 Qa5 43. Re2 Bxg3 44. Ne4 Qa1+ 45. Qf1 Qxf1+ 46. Kxf1 Bd6
47. h3 Kg7 48. Kf2 Be7 49. Rb2 f5 50. Nd2 Re3 51. Rb1 Kf6 52. Rb6+ Re6 53. Rb1
g5 0-1

[Event "Olomouc Chess Summer 2016-Open Olomouc"]
[Site "Olomouc"]
[Date "2016.08.17"]
[Round "6.10"]
[White "Bombek, Peter"]
[Black "Zakoucka, Adela"]
[Result "1-0"]
[WhiteElo "2212"]
[BlackElo "2016"]
[PlyCount "79"]
[EventDate "2016.08.13"]

1. d4 Nf6 2. Nf3 g6 3. g3 Bg7 4. Bg2 O-O 5. O-O d5 6. c4 c6 7. Qb3 Qb6 8. Nc3
Rd8 9. Bf4 Na6 10. Qxb6 axb6 11. Na4 b5 12. cxb5 cxb5 13. Nb6 Ra7 14. a4 b4 15.
Rfc1 Bf5 16. h3 h6 17. g4 Be6 18. a5 Nd7 19. e3 Ndb8 20. Bf1 Nc6 21. Bb5 Ncb8
22. Ne1 f5 23. g5 hxg5 24. Bxg5 Kf7 25. Nd3 Bf6 26. h4 Rh8 27. Nf4 Rd8 28. Kg2
Nd7 29. Nxe6 Kxe6 30. Bxd7+ Rxd7 31. Nxd7 Kxd7 32. Bxf6 exf6 33. Kf3 Ra8 34.
Rg1 Rg8 35. Rg2 g5 36. hxg5 fxg5 37. Rh2 Rg7 38. Rh6 g4+ 39. Kg3 Re7 40. Rc1
1-0

[Event "Olomouc Chess Summer 2016-Open seniorù"]
[Site "Olomouc"]
[Date "2016.08.17"]
[Round "6.1"]
[White "Heppell, Ian N"]
[Black "Chrenko, Peter"]
[Result "1-0"]
[WhiteElo "2066"]
[BlackElo "1818"]
[PlyCount "45"]
[EventDate "2016.08.13"]

1. e4 d6 2. d4 Nf6 3. Nc3 g6 4. Bc4 Bg7 5. Qe2 Nfd7 6. Nf3 Nc6 7. Be3 e5 8.
O-O-O exd4 9. Nxd4 Nce5 10. Bb3 O-O 11. f4 Nc6 12. Nxc6 bxc6 13. h4 Bxc3 14.
bxc3 Qf6 15. h5 c5 16. hxg6 hxg6 17. Rh6 Re8 18. Rdh1 Rxe4 19. Rh8+ Qxh8 20.
Rxh8+ Kxh8 21. Bd5 Rxe3 22. Qxe3 Rb8 23. Qe8+ 1-0

[Event "Olomouc Chess Summer 2016-Open seniorù"]
[Site "Olomouc"]
[Date "2016.08.17"]
[Round "6.2"]
[White "Prachar, Josef"]
[Black "Vagovsky, Jozef"]
[Result "1-0"]
[WhiteElo "1954"]
[BlackElo "1883"]
[PlyCount "83"]
[EventDate "2016.08.13"]

1. d4 Nf6 2. c4 e6 3. Nc3 Bb4 4. f3 c5 5. d5 Bxc3+ 6. bxc3 exd5 7. cxd5 Nh5 8.
g3 d6 9. e4 O-O 10. Ne2 Re8 11. Bg2 Nd7 12. O-O b5 13. g4 Nhf6 14. Ng3 Ne5 15.
g5 Nfd7 16. f4 Nc4 17. Qh5 g6 18. Qh6 Qe7 19. e5 Qf8 20. Qxf8+ Nxf8 21. e6 Rb8
22. f5 gxf5 23. exf7+ Kxf7 24. Nxf5 Kg6 25. Nxd6 Nxd6 26. Rf6+ Kg7 27. Rxd6 Rb6
28. Bf4 Ng6 29. Bg3 Re3 30. Rxb6 axb6 31. d6 Bd7 32. Bd5 Rd3 33. c4 bxc4 34.
Bxc4 Rc3 35. Bd5 b5 36. Rf1 Rd3 37. Rf7+ Kh8 38. Rxd7 Rxd5 39. Rb7 c4 40. d7
Nf8 41. Rb8 Rxd7 42. Rxf8+ 1-0

[Event "Olomouc Chess Summer 2016-Open seniorù"]
[Site "Olomouc"]
[Date "2016.08.17"]
[Round "6.3"]
[White "Young, Mel J"]
[Black "Fiala, Jiri"]
[Result "1/2-1/2"]
[WhiteElo "1900"]
[BlackElo "1893"]
[PlyCount "31"]
[EventDate "2016.08.13"]

1. e4 c5 2. d4 cxd4 3. c3 dxc3 4. Nxc3 Nc6 5. Nf3 e6 6. Bc4 Nf6 7. e5 d5 8.
exf6 dxc4 9. Qxd8+ Kxd8 10. Bg5 g6 11. O-O a6 12. Bf4 h6 13. Rad1+ Ke8 14. Rfe1
Bb4 15. Ne5 Bxc3 16. bxc3 1/2-1/2

[Event "Olomouc Chess Summer 2016-Open seniorù"]
[Site "Olomouc"]
[Date "2016.08.17"]
[Round "6.4"]
[White "Vorobyov, Yrij"]
[Black "Birkestrand, Odd"]
[Result "1-0"]
[WhiteElo "2160"]
[BlackElo "1702"]
[PlyCount "69"]
[EventDate "2016.08.13"]

1. Nf3 d5 2. g3 g6 3. c4 c6 4. Qc2 Nf6 5. b3 Bg7 6. Bb2 O-O 7. Bg2 Bf5 8. d3
Na6 9. a3 Rc8 10. O-O Re8 11. Nbd2 Nc7 12. Rfe1 Nd7 13. Bxg7 Kxg7 14. e4 Bg4
15. Qc3+ f6 16. exd5 cxd5 17. d4 dxc4 18. bxc4 b6 19. h3 Bxf3 20. Nxf3 Nb5 21.
Qb4 Nd6 22. Rac1 a5 23. Qb3 Rc7 24. h4 h6 25. h5 Qc8 26. Bh3 gxh5 27. Be6 Qd8
28. Nh4 Nf8 29. Qf3 Nxe6 30. Rxe6 Rg8 31. Rce1 Nf7 32. Nf5+ Kg6 33. Nxe7+ Rxe7
34. Qxf6+ Kh7 35. Rxe7 1-0